| 000 | 00800nam a2200217 a 4500 | ||
|---|---|---|---|
| 001 | 4128 | ||
| 005 | 20140414131935.0 | ||
| 008 | 090209s19uu xx 00 eng d | ||
| 020 | _a0-7368-0594-X | ||
| 050 |
_aREF 621.3 _bD71 2001 |
||
| 100 | _aDonnely, Karen J. | ||
| 245 |
_aElectrician / _cby Karen J. Donnelly. |
||
| 260 |
_aMankato, Minnesota : _bCapstone Press, _cc2001. |
||
| 300 | _a48 p. : col., ill. cm. | ||
| 440 | _aCareer exploration | ||
| 500 | _aIncludes bibliographical references and index. | ||
| 520 | _aIntroduces the career of electrician, discussing educational requirements, duties, work environment, salary, employment outlook, and possible future positions. | ||
| 650 |
_aElectricians _xVocational guidance _xJuvenile literature. |
||
| 999 |
_c112423 _d112423 |
||